000 00568nam a2200169 4500
008 171201b xxu||||| |||| 00| 0 eng d
020 _a0-256-22037-9
082 _21997
_aDC 652.5
_bL51w
100 _923876
_aLee, Jo Ann, 1942-
245 _aWord processing applications :
_bbasic activities /
_cJo Ann Lee, Shelley Gaskin
260 _aChicago :
_bMirror Press,
_c©1997.
300 _axvii, 488 pages ;
_c28 cm.
500 _aIncludes index.
650 0 _923877
_aWord processing -- Problems, exercises, etc
700 _923878
_aGaskin, Shelley
942 _2ddc
_cDC
999 _c7853
_d7853